|
|
|
|
| LEADER |
00000nam0a2200000 4500 |
| 001 |
376564 |
| 005 |
20231102012829.0 |
| 035 |
|
|
|a (RuTPU)RU\TPU\retro\34004
|
| 035 |
|
|
|a RU\TPU\book\312775
|
| 090 |
|
|
|a 376564
|
| 100 |
|
|
|a 20221223d1962 k y0rusy50 ca
|
| 101 |
0 |
|
|a rus
|
| 102 |
|
|
|a RU
|
| 105 |
|
|
|a a z 001zy
|
| 200 |
1 |
|
|a Комбинированные парогазовые установки и циклы
|f В. А. Зысин
|
| 210 |
|
|
|a Москва
|a Ленинград
|c Госэнергоиздат
|d 1962
|
| 215 |
|
|
|a 186 с., [1] вкл. л.
|c ил.
|
| 316 |
|
|
|5 63413507: М-133597
|a На титульном листе владельческая подпись: "Бутаков"
|
| 317 |
|
|
|5 63413507: М-133597
|a Поступила в НТБ в 1970 г. в составе книжного собрания профессора ТПИ И. Н. Бутакова
|
| 320 |
|
|
|a Литература: с. 183-186
|
| 606 |
1 |
|
|a Паросиловые установки
|x Тепловые циклы
|x Регулирование
|2 stltpush
|3 (RuTPU)RU\TPU\subj\48315
|9 67191
|
| 610 |
1 |
|
|a энергетические установки
|
| 610 |
1 |
|
|a комбинированные установки
|
| 610 |
1 |
|
|a парогазовые установки
|
| 610 |
1 |
|
|a тепловые насосы
|
| 610 |
1 |
|
|a циклы
|
| 610 |
1 |
|
|a библиотека И. Н. Бутакова
|
| 610 |
1 |
|
|a владельческая надпись
|
| 675 |
|
|
|a 621.11
|v 3
|
| 700 |
|
1 |
|a Зысин
|b В. А.
|g Владимир Аронович
|
| 801 |
|
1 |
|a RU
|b 63413507
|c 20150324
|
| 801 |
|
2 |
|a RU
|b 63413507
|c 20221223
|g RCR
|
| 942 |
|
|
|c BK
|